Logistik im Unternehmen Materialfluss, Organisation, Transport

Gespeichert in:
Bibliographische Detailangaben
Format: Schriftenreihe
Sprache:Deutsch
Veröffentlicht: Düsseldorf Verein Deutscher Ingenieure 1993
Tags: Tag hinzufügen
Keine Tags, Fügen Sie das erste Tag hinzu!

MARC

LEADER 00000nas2a2200000 4500
001 s013823
005 20250826114122.0
022 |a 0930-7834 
041 0 |a ger 
044 |a DE 
245 1 0 |a Logistik im Unternehmen  |b Materialfluss, Organisation, Transport 
264 1 |a Düsseldorf  |b Verein Deutscher Ingenieure  |c 1993 
300 |a 2 zv.